| 000 | 00526nam a2200181Ia 4500 | ||
|---|---|---|---|
| 999 |
_c16233 _d16233 |
||
| 003 | OSt | ||
| 005 | 20200606115902.0 | ||
| 008 | 190216s9999||||xx |||||||||||||| ||und|| | ||
| 020 | _a8121401453 | ||
| 040 | _cMESKC library | ||
| 082 |
_a891.431 _bTHW/G |
||
| 100 |
_aThwayyab, Edris Muhammed _9340 |
||
| 245 | 0 |
_aGhar Ka Patha / _cEdris Muhammed Thwayyab |
|
| 260 |
_bNational Publications, _aJaipur: _c2005. |
||
| 300 | _a92p | ||
| 650 | _aHindi | ||
| 942 |
_cBK _2ddc _h891.431 _iTHW/G _k891.431 _mTHW/G |
||